00250nam a2200085Ia 4500008004100000100002200041245005700063260003600120300000800156190216s9999||||xx |||||||||||||| ||und|| aGurdeep R Chatwal 0aReaction Mechanism And Reagents In Organic Chemistry bHimalaya Publishing Housec1997 a999